000 00619nam a2200217 a 4500
001 18125
003 CO-ViMGA
008 141112s2004 ck r 000 u spa d
020 _a9683691765
040 _aCO-ViMGA
_bspa
_cCO-ViMGA
082 0 4 _a333.7 B671s
100 1 _aBorrayo López, Rafael
_925780
245 1 0 _aSustentabilidad y desarrollo económico
260 _aMexico,
_cMcGraw Hill,
_c2002
300 _a124.p.
590 _aForma de adquisición : Premio - Mincultura
650 1 4 _aECOLOGIA HUMANA
_918176
650 1 4 _aGESTION AMBIENTAL
_911011
650 1 4 _aPolítica AMBIENTAL
_95768
942 _2ddc
_cBK
999 _c27498
_d27498